[Event "Sainte Adele Superfest U2000"]
[Site "Sainte Adele"]
[Date "2012.08.16"]
[Round "2"]
[White "Vanden, Ronald E"]
[Black "Touboul, Bertrand"]
[Result "1/2-1/2"]
[WhiteElo "1707"]
[BlackElo "1725"]
[PlyCount "100"]
[EventDate "2012.08.15"]
[EventType "swiss"]
[EventRounds "5"]
[EventCountry "CAN"]
[SourceTitle "EXT 2022"]
[Source "ChessBase"]
[SourceDate "2021.10.06"]
[SourceVersion "1"]
[SourceVersionDate "2021.10.06"]
[SourceQuality "1"]

1. c4 c6 2. g3 d5 3. Nf3 Nf6 4. Bg2 e6 5. b3 Be7 6. Bb2 0-0 7. 0-0 Nbd7 8. Nc3 b6 9. d4 Ba6 10. Nd2 Rc8 11. Re1 Qc7 12. e4 dxe4 13. Ndxe4 Rfd8 14. Qc2 Bb7 15. Rad1 c5 16. Nb5 Qb8 17. dxc5 Nxe4 18. Bxe4 Bxe4 19. Qxe4 Nxc5 20. Qg4 Bf8 21. Qf3 a6 22. Nc3 Be7 23. Ne4 Qa8 24. Qg4 Bf8 25. Nxc5 Rxc5 26. Rxd8 Qxd8 27. Rd1 Qc8 28. Bd4 Rc6 29. a4 h6 30. Be3 g6 31. Qh4 Qc7 32. Qd8 Qxd8 33. Rxd8 Kg7 34. Bxh6+ Kxh6 35. Rxf8 Kg7 36. Ra8 a5 37. Kf1 Rd6 38. Ke2 Kf6 39. Ra7 e5 40. h4 Ke6 41. Rc7 f5 42. c5 bxc5 43. Rxc5 Rb6 44. Rxa5 Rxb3 45. Ra6+ Kf7 46. Ra7+ Kf6 47. Ra6+ Kg7 48. a5 Rb2+ 49. Ke1 Rb1+ 50. Ke2 Rb2+ 1/2-1/2